| 000 | 01041nam a2200229 a 4500 | ||
|---|---|---|---|
| 001 | 000011668 | ||
| 005 | 20200929162525.0 | ||
| 008 | 091022s1966 sp 001 0 spa d | ||
| 040 |
_aDO-SdBNP _cBNPHU _bspa |
||
| 041 | 1 | 7 |
_aspa _hger _2Código de idioma MARC |
| 082 |
_a400 _bA917L |
||
| 100 | 1 |
_aAuerbach, Erich, _d1892-1957 _927662 |
|
| 240 | 1 | 0 |
_aLiteratursprache und publikum in der lateinischen spatantike und im mittelalter _lespañol |
| 245 | 1 | 0 |
_aLenguaje literario y publico en la baja latinidad y en la edad media / _cErich Auerbach ; traducción, Luis López Molina. |
| 260 |
_aBarcelona : _bSeix Barral, _c1966. |
||
| 300 |
_a336, [3] p. ; _c19 cm. |
||
| 534 |
_pTítulo original en alemán: _tLiteratursprache und publikum in der lateinischen spatantike und im mittelalter _cBerna : Francke Verlag, 1958. |
||
| 504 | _aIncluye referencias bibliográficas y notas al pie de las páginas | ||
| 650 | 4 |
_aLenguaje y lenguas _xHistoria _927663 |
|
| 650 | 4 |
_aLenguaje y lenguas _xHistoria _dEDAD MEDIA, 500-1500 _927663 |
|
| 049 | _aBNGR | ||
| 999 |
_c11355 _d11355 |
||